Statistics for Hogwarts Professors First Names

Click here to take the quiz!

General Stats

  • This quiz has been taken 43 times
  • The average score is 11 of 16

Answer Stats

HintAnswer% Correct
DumbledoreAlbus
97%
HagridRubeus
97%
McGonagallMinerva
95%
SnapeSeverus
95%
UmbridgeDolores
87%
LupinRemus
87%
LockhartGilderoy
85%
FlitwickFilius
74%
SlughornHorace
67%
TrelawneySybill
64%
Madam PomfreyPoppy
56%
SproutPomona
51%
QuirrelQuirinus
51%
SinistraAurora
28%
Grubbly-PlankWilhelmina
26%
"Moody" (impostor)Bartemius
15%

Score Distribution

Percentile by Number Answered

Percent of People with Each Score

Your Score History

You have not taken this quiz